Lịch sử Đông Nam Á

Enregistré dans:
Détails bibliographiques
Auteur principal: Lương, Ninh
Format: Livre
Langue:Undetermined
Publié: Hà Nội Giáo dục 2005
Sujets:
Tags: Ajouter un tag
Pas de tags, Soyez le premier à ajouter un tag!
Thư viện lưu trữ: Trung tâm Học liệu Trường Đại học Cần Thơ
LEADER 00512nam a2200205Ia 4500
001 CTU_101179
008 210402s9999 xx 000 0 und d
020 |c 64600 
082 |a 959 
082 |b N312 
100 |a Lương, Ninh 
245 0 |a Lịch sử Đông Nam Á 
245 0 |c Lương Ninh 
260 |a Hà Nội 
260 |b Giáo dục 
260 |c 2005 
650 |a Southeast asia 
650 |x History 
904 |i Minh 
980 |a Trung tâm Học liệu Trường Đại học Cần Thơ